00321nam a2200133Ia 45000030006000000080041000060400015000471000028000622450028000902600032001183000006001505460014001560050017001700STCL150530s9999 xx 000 0 und d aSTCLcSTCL aPerumpadavom Sreedharan aValmunayil Vacha Manasu bSankeerthanam; Kollamc2003 a0 aMalayalam20220125171602.0